[Event "TCh-HUN 2017-18"]
[Site "Hungary HUN"]
[Date "2018.03.04"]
[Round "7.10"]
[White "Szalai, Kornel"]
[Black "Lakos, Nikoletta"]
[Result "1-0"]
[WhiteTitle "IM"]
[BlackTitle "WGM"]
[WhiteElo "2397"]
[BlackElo "2277"]
[WhiteTeam "Duocor-Makoi SVSE"]
[BlackTeam "HVSE-Infraplan"]
[WhiteFideId "724378"]
[BlackFideId "705128"]
[EventDate "2017.11.25"]
[EventType "team-tourn"]

1. f4 g6 2. Nf3 Bg7 3. g3 c5 4. Bg2 Nc6 5. O-O Nf6 6. d3 d5 7. Nc3 d4 8. Na4 Nd7
9. c4 Qc7 10. a3 a6 11. Qc2 b6 12. Bd2 Bb7 13. b4 cxb4 14. axb4 O-O 15. Rab1 Nd8
16. Bh3 e6 17. Qb3 Bc6 18. Nb2 Nb7 19. Bg2 a5 20. Qc2 axb4 21. Bxb4 Nbc5 22. Ra1
Qb7 23. Rfb1 Rxa1 24. Rxa1 Ra8 25. Qd1 Rxa1 26. Qxa1 Nb3 27. Qa3 Ndc5 28. Nd1
Qa8 29. Bxc5 Nxc5 30. Qxa8+ Bxa8 31. Ng5 Bxg2 32. Kxg2 f6 33. Ne4 f5 34. Nd6 Bf6
35. Nf2 Kf8 36. Nh3 h6 37. Ng1 Be7 38. Nc8 Bd8 39. Nf3 Nb3 40. Ne5 g5 41. Nxb6
Bxb6 42. Nd7+ Ke7 43. Nxb6 g4 44. Kf2 Nc5 45. Nc8+ Kd7 46. Na7 Nb3 47. Ke1 h5
48. Kd1 Na5 49. Nb5 Nc6 50. Kc2 e5 51. fxe5 Ke6 52. Kd2 h4 53. e3 dxe3+ 54. Kxe3
Nxe5 55. Nd4+ Kf6 56. c5 f4+ 57. gxf4 Nd7 58. c6 Nb6 59. Ke4 Nc8 60. f5 Nd6+ 61.
Kf4 g3 62. hxg3 h3 63. Nf3 Nxf5 64. Kg4 Nd4 65. c7 Nxf3 66. Kxf3 1-0

[Event "TCh-HUN 2017-18"]
[Site "Hungary HUN"]
[Date "2018.03.04"]
[Round "7.11"]
[White "Sardy, Peter"]
[Black "Kecskemeti, Arpad"]
[Result "1/2-1/2"]
[WhiteElo "2338"]
[BlackElo "2216"]
[WhiteTeam "HVSE-Infraplan"]
[BlackTeam "Duocor-Makoi SVSE"]
[WhiteFideId "720143"]
[BlackFideId "925322"]
[EventDate "2017.11.25"]
[EventType "team-tourn"]

1. e4 c5 2. Nc3 d6 3. Nge2 g6 4. d4 Nd7 5. Be3 Ngf6 6. f3 Bg7 7. dxc5 dxc5 8.
Qd2 Qa5 9. O-O-O O-O 10. Kb1 e6 11. Nc1 a6 12. Bf4 b5 13. Bd6 b4 14. N3e2 Re8
15. Nf4 Qb6 16. Bc4 Bb7 17. Qf2 Bxe4 18. Nb3 Rac8 19. Rhe1 Bb7 20. g4 Rc6 21. g5
Rxd6 22. gxf6 Bxf6 23. Nd3 Rc8 24. Qg3 a5 25. Qf4 a4 26. Nbxc5 Nxc5 27. Qxf6 Nd7
28. Qe7 Rxc4 29. Rd2 Rcd4 30. f4 Qc7 31. Ne5 Rxd2 32. Qxf7+ Kh8 33. Qe8+ Kg7 34.
Qf7+ Kh8 1/2-1/2

[Event "TCh-HUN 2017-18"]
[Site "Hungary HUN"]
[Date "2018.03.04"]
[Round "7.12"]
[White "Juhasz, Barbara"]
[Black "Czupor, Attila"]
[Result "1/2-1/2"]
[WhiteTitle "WFM"]
[WhiteElo "2190"]
[BlackElo "2232"]
[WhiteTeam "Duocor-Makoi SVSE"]
[BlackTeam "HVSE-Infraplan"]
[WhiteFideId "743585"]
[BlackFideId "752495"]
[EventDate "2017.11.25"]
[EventType "team-tourn"]

1. e4 e5 2. Nc3 Nc6 3. Bc4 g6 4. d3 Bg7 5. f4 d6 6. a3 Nge7 7. Nf3 Nd4 8. fxe5
dxe5 9. Ng5 O-O 10. O-O Ne6 11. Nxe6 Bxe6 12. Bxe6 Qd4+ 13. Kh1 fxe6 14. Bg5
Rxf1+ 15. Qxf1 Rf8 16. Qe2 Nc6 17. Be3 Qd7 18. Rf1 Rxf1+ 19. Qxf1 Nd4 20. Qf2
Qc6 21. h3 1/2-1/2

[Event "TCh-HUN 2017-18"]
[Site "Hungary HUN"]
[Date "2018.03.04"]
[Round "7.1"]
[White "Horvath, Csaba"]
[Black "Nenezic, Marko"]
[Result "1/2-1/2"]
[WhiteTitle "GM"]
[BlackTitle "IM"]
[WhiteElo "2507"]
[BlackElo "2497"]
[WhiteTeam "Penzugyor SE"]
[BlackTeam "Aquarena Kobanya SC"]
[WhiteFideId "700118"]
[BlackFideId "912123"]
[EventDate "2017.11.25"]
[EventType "team-tourn"]

1. d4 Nf6 2. Nf3 g6 3. g3 Bg7 4. Bg2 O-O 5. O-O d6 6. b3 c5 7. c4 Nc6 8. Bb2
cxd4 9. Nxd4 Bd7 10. Nc3 Qa5 11. e3 1/2-1/2

[Event "TCh-HUN 2017-18"]
[Site "Hungary HUN"]
[Date "2018.03.04"]
[Round "7.2"]
[White "Roganovic, Milos"]
[Black "Horvath, Jozsef1"]
[Result "1-0"]
[WhiteTitle "GM"]
[BlackTitle "GM"]
[WhiteElo "2512"]
[BlackElo "2533"]
[WhiteTeam "Aquarena Kobanya SC"]
[BlackTeam "Penzugyor SE"]
[WhiteFideId "937614"]
[BlackFideId "700061"]
[EventDate "2017.11.25"]
[EventType "team-tourn"]

1. e4 d6 2. d4 Nf6 3. Nc3 e5 4. Nge2 c6 5. g3 b5 6. a3 a6 7. Bg2 Nbd7 8. O-O Be7
9. h3 Bb7 10. g4 h6 11. Be3 Nb6 12. b3 c5 13. dxc5 dxc5 14. Ng3 Qxd1 15. Rfxd1
g6 16. a4 b4 17. a5 Nbd7 18. Na4 O-O-O 19. f3 h5 20. g5 Nh7 21. h4 Nhf8 22. Bh3
Kc7 23. Ne2 Ne6 24. Bxe6 fxe6 25. Nc1 Bc6 26. Nd3 Bxa4 27. Rxa4 Bd6 28. c3 bxc3
29. Rc1 Kb7 30. Rxc3 Rc8 31. Rac4 Bc7 32. b4 Rhf8 33. Kg2 cxb4 34. Rxb4+ Ka8 35.
Rbc4 Kb7 36. Rb3+ Ka8 37. Nc5 Nxc5 38. Rxc5 Bd6 39. Rxc8+ Rxc8 40. Rb6 Rc2+ 41.
Kf1 Rc3 42. Rxa6+ Kb7 43. Rxd6 Rxe3 44. Kf2 1-0

[Event "TCh-HUN 2017-18"]
[Site "Hungary HUN"]
[Date "2018.03.04"]
[Round "7.3"]
[White "Balog, Imre"]
[Black "Nagy, Gabor1"]
[Result "1/2-1/2"]
[WhiteTitle "GM"]
[BlackTitle "IM"]
[WhiteElo "2539"]
[BlackElo "2472"]
[WhiteTeam "Penzugyor SE"]
[BlackTeam "Aquarena Kobanya SC"]
[WhiteFideId "728446"]
[BlackFideId "737119"]
[EventDate "2017.11.25"]
[EventType "team-tourn"]

1. d4 Nf6 2. Nf3 g6 3. Bf4 Bg7 4. Nc3 d5 5. Nb5 Na6 6. e3 O-O 7. Be2 Nh5 8. Bg5
f6 9. Bh4 g5 10. Nd2 gxh4 11. Bxh5 c6 12. Nc3 e5 13. Nf3 h3 14. g3 Be6 15. O-O
c5 16. Ne2 Rc8 17. c3 Bh6 18. Nh4 cxd4 19. cxd4 e4 20. Nf4 Bxf4 21. exf4 f5 22.
Be2 Nb4 23. a3 Nc6 24. Bb5 Qf6 25. Bxc6 Rxc6 26. Qd2 Rfc8 27. Rad1 b6 28. Qe2
Bf7 29. Rd2 Kh8 30. Qb5 Rd6 31. Re1 Rg8 32. Kf1 Be8 33. Qa6 Rc6 34. Qb7 a5 35.
f3 Rg7 36. Qb8 Re7 37. Qd8 Rd6 38. Qc8 Ree6 39. Kf2 Rd8 40. Qa6 Rc6 41. Qf1 Rc4
42. Ke3 Rdc8 43. Qxh3 Bd7 44. fxe4 dxe4 45. Ng2 Rc2 46. Red1 Qe6 47. d5 Qf6 48.
Rxc2 Rxc2 49. Qh4 Qf8 50. Ne1 Rxb2 51. d6 Rb3+ 52. Kf2 e3+ 53. Kg1 e2 54. Rd2
Re3 55. Kf2 Re6 56. Nf3 e1=Q+ 57. Nxe1 Rxd6 58. Rxd6 Qxd6 59. Qd8+ Kg7 60. Qg5+
Kf7 61. Qh5+ Kg7 62. Qg5+ Kf7 1/2-1/2

[Event "TCh-HUN 2017-18"]
[Site "Hungary HUN"]
[Date "2018.03.04"]
[Round "7.4"]
[White "Szabo, Bence"]
[Black "Hujbert, Florian"]
[Result "1/2-1/2"]
[WhiteTitle "IM"]
[BlackTitle "IM"]
[WhiteElo "2369"]
[BlackElo "2444"]
[WhiteTeam "Aquarena Kobanya SC"]
[BlackTeam "Penzugyor SE"]
[WhiteFideId "733776"]
[BlackFideId "730165"]
[EventDate "2017.11.25"]
[EventType "team-tourn"]

1. Nf3 g6 2. g3 b6 3. Bg2 Bb7 4. O-O Bg7 5. c4 Nf6 6. d4 e6 7. Nc3 Ne4 8. Nxe4
Bxe4 9. Bg5 f6 10. Be3 O-O 11. Qd2 Nc6 12. Rfd1 Ne7 13. Bh6 a5 14. Bxg7 Kxg7 15.
Ne1 Bxg2 16. Nxg2 g5 17. Rac1 Ng6 18. d5 e5 19. c5 d6 20. cxb6 cxb6 21. e4 Ne7
22. Ne3 Qd7 23. Rc4 Rac8 24. Rdc1 Rxc4 25. Nxc4 Rb8 26. Qe3 Nc8 27. Rc3 Rb7 28.
Qc1 Rc7 29. Ne3 Rxc3 30. Qxc3 Ne7 31. b4 axb4 32. Qxb4 b5 33. Kg2 h5 34. h3 Kf7
35. Qb1 Kg7 36. Qb4 Kf7 37. Qb1 Kg7 1/2-1/2

[Event "TCh-HUN 2017-18"]
[Site "Hungary HUN"]
[Date "2018.03.04"]
[Round "7.5"]
[White "Seres, Lajos"]
[Black "Toth, Ervin"]
[Result "1/2-1/2"]
[WhiteTitle "GM"]
[BlackTitle "IM"]
[WhiteElo "2406"]
[BlackElo "2449"]
[WhiteTeam "Penzugyor SE"]
[BlackTeam "Aquarena Kobanya SC"]
[WhiteFideId "701254"]
[BlackFideId "726559"]
[EventDate "2017.11.25"]
[EventType "team-tourn"]

1. d4 g6 2. e4 Bg7 3. Nc3 d6 4. Nf3 Nf6 5. Be2 O-O 6. O-O c6 7. a4 Nbd7 8. b3
Qc7 9. Ba3 Re8 10. Re1 b6 11. Bc4 Nf8 12. Ng5 e6 13. Qf3 Bb7 14. e5 dxe5 15.
dxe5 Nd5 16. Bd6 Qd7 17. Nge4 h6 18. Rad1 Nh7 19. h4 h5 20. g4 hxg4 21. Qxg4
Rad8 22. h5 gxh5 23. Qxh5 f5 24. exf6 Nhxf6 25. Qg6 Qf7 26. Nxf6+ Nxf6 27. Qxf7+
Kxf7 28. Be5 Nd5 29. Rd3 Bxe5 30. Rxe5 Kf6 31. Re1 Rg8+ 32. Kf1 Rh8 33. Ne4+ Ke7
34. Rf3 Rdg8 35. Rg3 Rh1+ 36. Ke2 Nf4+ 37. Kd1 Rxe1+ 38. Kxe1 Rxg3 39. Nxg3 c5 1/2-1/2

[Event "TCh-HUN 2017-18"]
[Site "Hungary HUN"]
[Date "2018.03.04"]
[Round "7.6"]
[White "Krizsany, Laszlo"]
[Black "Bakos, Balazs"]
[Result "1/2-1/2"]
[WhiteTitle "IM"]
[BlackTitle "FM"]
[WhiteElo "2424"]
[BlackElo "2423"]
[WhiteTeam "Aquarena Kobanya SC"]
[BlackTeam "Penzugyor SE"]
[WhiteFideId "701718"]
[BlackFideId "725773"]
[EventDate "2017.11.25"]
[EventType "team-tourn"]

1. d4 Nf6 2. c4 g6 3. Nc3 d5 4. Nf3 Bg7 5. Bg5 Ne4 6. Bh4 Nxc3 7. bxc3 c5 8.
cxd5 Qxd5 9. e3 Nc6 10. Be2 O-O 11. O-O cxd4 12. cxd4 Bf5 13. Nd2 Rac8 14. Bf3
Qd6 15. Qb3 Na5 16. Qa4 1/2-1/2

[Event "TCh-HUN 2017-18"]
[Site "Hungary HUN"]
[Date "2018.03.04"]
[Round "7.7"]
[White "Szuk, Balazs"]
[Black "Turzo, Attila"]
[Result "1/2-1/2"]
[WhiteTitle "IM"]
[BlackTitle "IM"]
[WhiteElo "2370"]
[BlackElo "2283"]
[WhiteTeam "Penzugyor SE"]
[BlackTeam "Aquarena Kobanya SC"]
[WhiteFideId "706019"]
[BlackFideId "704954"]
[EventDate "2017.11.25"]
[EventType "team-tourn"]

1. e4 c5 2. Nf3 g6 3. d4 cxd4 4. Nxd4 Nc6 5. c4 Nf6 6. Nc3 d6 7. Be2 Nxd4 8.
Qxd4 Bg7 9. Bg5 O-O 10. Qe3 Be6 11. Rc1 Qb6 12. Qd2 Rfc8 13. b3 Qa5 14. f3 a6
15. Na4 Qxd2+ 16. Kxd2 Rab8 17. Nb6 Re8 18. Rc2 Nd7 19. Nd5 f6 20. Be3 Rbc8 21.
Nf4 Bf7 22. g4 1/2-1/2

[Event "TCh-HUN 2017-18"]
[Site "Hungary HUN"]
[Date "2018.03.04"]
[Round "7.9"]
[White "Ress, Tamas"]
[Black "Polyik, Peter"]
[Result "0-1"]
[WhiteTitle "FM"]
[WhiteElo "2295"]
[BlackElo "2264"]
[WhiteTeam "Penzugyor SE"]
[BlackTeam "Aquarena Kobanya SC"]
[WhiteFideId "732001"]
[BlackFideId "758817"]
[EventDate "2017.11.25"]
[EventType "team-tourn"]

1. d4 d5 2. c4 e6 3. Nc3 c6 4. e3 f5 5. Nf3 Nf6 6. b3 Bb4 7. Bd2 Bd6 8. Ne5 O-O
9. f4 b6 10. Be2 Bb7 11. O-O Nbd7 12. Be1 Ne4 13. Nxe4 dxe4 14. Nxd7 Qxd7 15. c5
Be7 16. b4 a5 17. cxb6 axb4 18. Bc4 Kh8 19. a4 bxa3 20. Qb3 c5 21. Bxe6 Qa4 22.
Bc3 Qxb3 23. Bxb3 Bf6 24. Rfc1 cxd4 25. Bxd4 Bxd4 26. exd4 Rf6 27. Rc3 Rxb6 28.
Bf7 a2 29. Rb3 Rxb3 30. Bxb3 Rd8 31. Rxa2 Rxd4 32. Ra5 g6 33. Re5 Rd7 34. h4 h5
35. Ba4 Rg7 36. Kf2 Kh7 37. Be8 Bc8 38. Bb5 Rc7 39. Ke3 Kg7 40. Kd4 Kf6 41. Bc4
Bd7 42. g3 Ra7 43. Kc5 Rc7+ 44. Kd4 Bc8 45. Bd5 Bb7 46. Re6+ Kg7 47. Bb3 Rd7+
48. Kc5 Bc8 49. Re8 Ba6 50. Bd5 Bb7 51. Bc4 Kh7 52. Bg8+ Kh6 53. Bc4 Rc7+ 54.
Kd4 Bc6 55. Re6 Ba4 56. Ra6 Be8 57. Be6 Kg7 58. Rd6 Re7 59. Bc4 Bf7 60. Bb5 Be6
61. Ba6 Kf7 62. Be2 Rb7 63. Ke5 Re7 64. Kd4 Ra7 65. Ba6 Rc7 66. Bb5 Rc1 67. Be2
Rc2 68. Ba6 Ke7 69. Rb6 Rd2+ 70. Ke3 Rg2 71. Kd4 Rd2+ 72. Ke3 Rd7 73. Rb7 Rxb7
74. Bxb7 Kd6 75. Kd4 Bf7 76. Ba6 Kc6 77. Be2 Kb6 78. Bd1 Kb5 79. Bc2 Kb4 80. Bd1
Be8 81. Bc2 Ba4 82. Bb1 Kb3 83. Ke3 Bc6 0-1

[Event "TCh-HUN 2017-18"]
[Site "Hungary HUN"]
[Date "2018.03.04"]
[Round "7.10"]
[White "Koczo, Kristof"]
[Black "Mokcsay, Robert"]
[Result "1/2-1/2"]
[WhiteTitle "FM"]
[BlackTitle "FM"]
[WhiteElo "2131"]
[BlackElo "2228"]
[WhiteTeam "Aquarena Kobanya SC"]
[BlackTeam "Penzugyor SE"]
[WhiteFideId "723460"]
[BlackFideId "715603"]
[EventDate "2017.11.25"]
[EventType "team-tourn"]

1. d4 d5 2. c4 c6 3. Nf3 Nf6 4. Nc3 a6 5. c5 b5 6. cxb6 Nbd7 7. Na4 Nxb6 8. Ne5
Bd7 9. Nc5 e6 10. Qc2 Bxc5 11. Qxc5 Ne4 12. Qa3 f6 13. Nxd7 Qxd7 14. f3 Nd6 15.
Qc5 Nbc4 16. b3 Nb7 17. Qb4 Ncd6 18. a4 O-O 19. Ba3 e5 20. dxe5 fxe5 21. e3 e4
22. Be2 exf3 23. Bxf3 Qe6 24. O-O Qxe3+ 25. Kh1 a5 26. Qg4 Kh8 27. Qd7 Qe8 28.
Qc7 Rf7 29. Qb6 Qd7 30. Rac1 Rc8 31. Bb2 Ne4 32. Bxe4 Rxf1+ 33. Rxf1 dxe4 34.
Qe3 Qe7 35. Rf4 Rf8 36. Be5 Nd8 37. Qxe4 Ne6 38. Rxf8+ Nxf8 39. Qf5 Kg8 40. h3
Qc5 41. Qf4 Ne6 42. Qe4 Kf7 43. Kh2 1/2-1/2

[Event "TCh-HUN 2017-18"]
[Site "Hungary HUN"]
[Date "2018.03.04"]
[Round "7.11"]
[White "Balsai, Nikolett"]
[Black "Morvay, Miklos"]
[Result "1/2-1/2"]
[BlackTitle "FM"]
[WhiteElo "2060"]
[BlackElo "2164"]
[WhiteTeam "Penzugyor SE"]
[BlackTeam "Aquarena Kobanya SC"]
[WhiteFideId "730700"]
[BlackFideId "701238"]
[EventDate "2017.11.25"]
[EventType "team-tourn"]

1. d4 Nf6 2. c4 c5 3. d5 b5 4. cxb5 a6 5. b6 d6 6. Nc3 Nbd7 7. e4 g6 8. Be2 Bg7
9. Nf3 O-O 10. O-O Nxb6 11. a4 a5 12. Bf4 Ba6 13. Re1 Nfd7 14. Bxa6 Rxa6 15. Qe2
Ra7 16. Nb5 Rb7 17. Bg5 Ne5 18. Nxe5 Bxe5 19. Ra2 Qd7 20. b3 e6 21. Qd3 exd5 22.
exd5 Qg4 23. f4 Bxf4 24. Bxf4 Qxf4 25. Rf2 Qh4 26. Nxd6 Rd7 27. Ne4 Rxd5 28. Qc3
Nd7 29. Qxa5 Re5 30. Nf6+ Nxf6 31. Rxe5 Ng4 32. g3 Qh3 33. Qxc5 Nxf2 34. Qxf2
Qd7 35. Qe2 Rb8 36. Re3 Qa7 37. Kg2 Qb7+ 38. Qf3 Qd7 39. Rd3 Qc7 40. Rc3 Qd7 41.
Qd3 Qb7+ 42. Kh3 Re8 43. Rc5 Qe7 44. Qc4 Qd7+ 45. Qg4 Qd3 46. Rc8 Qf1+ 47. Kh4
Qf6+ 48. Kh3 Qf1+ 1/2-1/2

[Event "TCh-HUN 2017-18"]
[Site "Hungary HUN"]
[Date "2018.03.04"]
[Round "7.12"]
[White "Karacsonyi, Kata"]
[Black "Demjen, Mark"]
[Result "0-1"]
[WhiteElo "1752"]
[BlackElo "1705"]
[WhiteTeam "Aquarena Kobanya SC"]
[BlackTeam "Penzugyor SE"]
[WhiteFideId "769584"]
[BlackFideId "786047"]
[EventDate "2017.11.25"]
[EventType "team-tourn"]

1. e4 e5 2. Nf3 Nc6 3. Bb5 Nge7 4. O-O a6 5. Bxc6 Nxc6 6. c3 Be7 7. d4 d6 8. h3
O-O 9. Nbd2 f5 10. dxe5 dxe5 11. exf5 Rxf5 12. Qb3+ Kh8 13. Ne4 Qd3 14. Neg5 h6
15. Rd1 Qb5 16. Qxb5 axb5 17. Ne4 Be6 18. a3 Rd8 19. Rxd8+ Bxd8 20. Nc5 Bd5 21.
Nxb7 Be7 22. b4 e4 23. Ne1 Bf6 24. Bb2 Bh4 25. g3 e3 26. fxe3 Bxg3 27. Nc5 Bf2+
28. Kf1 Bxe3+ 29. Ke2 Re5 30. Ncd3 Bc4 31. Nf3 Re7 32. Ne1 Ne5 33. Rd1 Bg5 34.
Kf2 Bh4+ 35. Kg2 Nxd3 36. Nxd3 Bxd3 37. Rxd3 Re2+ 38. Kf3 Rxb2 39. Rd7 Rb3 40.
Rxc7 Rxa3 41. Rc5 Bf6 42. Rxb5 Rxc3+ 43. Kg4 Kh7 44. Rb7 Kg6 45. b5 h5+ 46. Kf4
Rxh3 0-1

[Event "TCh-HUN 2017-18"]
[Site "Hungary HUN"]
[Date "2018.05.05"]
[Round "8.1"]
[White "Horvath, Csaba"]
[Black "Volokitin, Andrei"]
[Result "1/2-1/2"]
[WhiteTitle "GM"]
[BlackTitle "GM"]
[WhiteElo "2507"]
[BlackElo "2623"]
[WhiteTeam "Penzugyor SE"]
[BlackTeam "Aquaprofit-NTSK I"]
[WhiteFideId "700118"]
[BlackFideId "14107090"]
[EventDate "2017.11.25"]

1. d4 Nf6 2. Nf3 d5 3. c4 e6 4. g3 Bb4+ 5. Bd2 Be7 6. Bg2 O-O 7. O-O c6 8. Qc2
b6 9. Bf4 Ba6 10. cxd5 cxd5 11. Rc1 Nbd7 12. Nc3 Qc8 13. Qd1 Qb7 14. Nd2 b5 15.
a3 Nb6 16. e4 Rac8 17. Bg5 1/2-1/2

[Event "TCh-HUN 2017-18"]
[Site "Hungary HUN"]
[Date "2018.05.05"]
[Round "8.3"]
[White "Balog, Imre"]
[Black "Ivanisevic, Ivan"]
[Result "0-1"]
[WhiteTitle "GM"]
[BlackTitle "GM"]
[WhiteElo "2539"]
[BlackElo "2582"]
[WhiteTeam "Penzugyor SE"]
[BlackTeam "Aquaprofit-NTSK I"]
[WhiteFideId "728446"]
[BlackFideId "912417"]
[EventDate "2017.11.25"]

1. c4 e5 2. g3 d6 3. Bg2 f5 4. Nc3 Nf6 5. d3 Be7 6. e4 O-O 7. Nge2 c6 8. O-O Na6
9. h3 fxe4 10. dxe4 Be6 11. b3 Qd7 12. Kh2 Bf7 13. Be3 b5 14. cxb5 cxb5 15. Qd2
b4 16. Na4 Qb5 17. Rad1 Nc5 18. Bxc5 dxc5 19. Nb2 Qa6 20. Nc1 Rfd8 21. Qc2 Rd4
22. Rfe1 Rad8 23. Bf1 Qb7 24. f3 Bh5 25. Rxd4 cxd4 26. Bc4+ Kh8 27. Qe2 Bd6 28.
Ncd3 Rf8 29. Nf2 Qe7 30. Ng4 Nd7 31. Kg2 Bg6 32. h4 Bh5 33. Nh2 Nf6 34. Ba6 Be8
35. Rc1 Nh5 36. Qd2 Bd7 37. Nd3 Qe6 38. Nf2 h6 39. Nhg4 Qg6 40. Be2 Kh7 41. Kh2
Nxg3 42. Kxg3 h5 43. Qg5 Qxg5 44. hxg5 hxg4 45. Nxg4 Kg6 46. Rc5 Bxc5 47. Nxe5+
Kxg5 48. Nxd7 Bd6+ 49. e5 Rf7 50. f4+ Kh6 51. Bb5 Bc7 52. Kg4 d3 53. Nc5 d2 54.
Be2 Bxe5 55. fxe5 Rf2 56. Bd1 Rf1 57. Be2 Re1 58. Kf3 g5 59. e6 g4+ 60. Kf2 g3+ 0-1

[Event "TCh-HUN 2017-18"]
[Site "Hungary HUN"]
[Date "2018.05.05"]
[Round "8.4"]
[White "Lenic, Luka"]
[Black "Hujbert, Florian"]
[Result "1-0"]
[WhiteTitle "GM"]
[BlackTitle "IM"]
[WhiteElo "2650"]
[BlackElo "2444"]
[WhiteTeam "Aquaprofit-NTSK I"]
[BlackTeam "Penzugyor SE"]
[WhiteFideId "14603853"]
[BlackFideId "730165"]
[EventDate "2017.11.25"]

1. d4 g6 2. c4 Bg7 3. Nf3 e6 4. g3 Ne7 5. Bg2 d5 6. O-O O-O 7. Nc3 Nbc6 8. cxd5
exd5 9. Bf4 Be6 10. Rc1 h6 11. h4 f6 12. e4 dxe4 13. Nxe4 b6 14. Re1 Qd7 15. Nc3
Bf7 16. d5 Nb4 17. d6 Nf5 18. dxc7 Qxd1 19. Rexd1 g5 20. Nd4 Nxd4 21. Rxd4 Rac8
22. Bd6 a5 23. Bxf8 Bxf8 24. Nb5 1-0

[Event "TCh-HUN 2017-18"]
[Site "Hungary HUN"]
[Date "2018.05.05"]
[Round "8.5"]
[White "Seres, Lajos"]
[Black "Erdos, Viktor"]
[Result "1/2-1/2"]
[WhiteTitle "GM"]
[BlackTitle "GM"]
[WhiteElo "2406"]
[BlackElo "2622"]
[WhiteTeam "Penzugyor SE"]
[BlackTeam "Aquaprofit-NTSK I"]
[WhiteFideId "701254"]
[BlackFideId "719978"]
[EventDate "2017.11.25"]

1. d4 Nf6 2. Nf3 d5 3. c4 e6 4. g3 c5 5. cxd5 cxd4 6. dxe6 Bxe6 7. Qxd4 Nc6 8.
Qxd8+ Rxd8 9. Bg2 Nb4 10. Na3 Nxa2 11. Be3 Bb4+ 12. Kf1 Bxa3 1/2-1/2

[Event "TCh-HUN 2017-18"]
[Site "Hungary HUN"]
[Date "2018.05.05"]
[Round "8.6"]
[White "Markus, Robert"]
[Black "Bakos, Balazs"]
[Result "1-0"]
[WhiteTitle "GM"]
[BlackTitle "FM"]
[WhiteElo "2630"]
[BlackElo "2423"]
[WhiteTeam "Aquaprofit-NTSK I"]
[BlackTeam "Penzugyor SE"]
[WhiteFideId "921637"]
[BlackFideId "725773"]
[EventDate "2017.11.25"]

1. d4 Nf6 2. c4 g6 3. Nf3 Bg7 4. g3 c6 5. Bg2 O-O 6. O-O d5 7. b3 Ne4 8. Bb2 a5
9. Nc3 Bf5 10. e3 Nxc3 11. Bxc3 Be4 12. Bh3 c5 13. Rc1 e6 14. cxd5 Qxd5 15. Nd2
Bd3 16. Bg2 Qd7 17. Re1 Rd8 18. d5 exd5 19. Bxg7 Kxg7 20. Rxc5 Qe6 21. Qa1+ Qf6
22. Bxd5 Qxa1 23. Rxa1 Ra7 24. Nc4 a4 25. Rc1 axb3 26. axb3 Bxc4 27. Bxc4 Nc6
28. Rd5 Rc8 29. Rb5 Na5 30. Ra1 b6 31. Bd5 Rc5 32. Rxc5 bxc5 33. Ra4 f5 34. f3
Kf6 35. Kf2 Ke5 36. e4 fxe4 37. fxe4 Kd6 38. Ke3 g5 39. Kd3 Kc7 40. e5 Kb6 41.
Ke4 1-0

[Event "TCh-HUN 2017-18"]
[Site "Hungary HUN"]
[Date "2018.05.05"]
[Round "8.7"]
[White "Szuk, Balazs"]
[Black "Banusz, Tamas"]
[Result "0-1"]
[WhiteTitle "IM"]
[BlackTitle "GM"]
[WhiteElo "2370"]
[BlackElo "2616"]
[WhiteTeam "Penzugyor SE"]
[BlackTeam "Aquaprofit-NTSK I"]
[WhiteFideId "706019"]
[BlackFideId "722413"]
[EventDate "2017.11.25"]

1. e4 c5 2. Nf3 Nc6 3. d4 cxd4 4. Nxd4 Nf6 5. Nc3 e5 6. Ndb5 d6 7. Bg5 a6 8. Na3
b5 9. Nd5 Be7 10. Nxe7 Nxe7 11. Qf3 Nd7 12. Rd1 Nc5 13. b4 Ne6 14. Be3 Bb7 15.
Bd3 O-O 16. O-O Ng6 17. Qg3 Ngf4 18. f3 Qc7 19. Qe1 d5 20. exd5 Bxd5 21. Bxf4
Nxf4 22. Be4 Rad8 23. g3 Bxe4 24. Qxe4 Qb6+ 25. Kh1 Rxd1 26. Rxd1 Nh3 0-1

[Event "TCh-HUN 2017-18"]
[Site "Hungary HUN"]
[Date "2018.05.05"]
[Round "8.8"]
[White "Medvegy, Zoltan"]
[Black "Fogarasi, Tibor"]
[Result "1-0"]
[WhiteTitle "GM"]
[BlackTitle "GM"]
[WhiteElo "2539"]
[BlackElo "2378"]
[WhiteTeam "Aquaprofit-NTSK I"]
[BlackTeam "Penzugyor SE"]
[WhiteFideId "708402"]
[BlackFideId "700363"]
[EventDate "2017.11.25"]

1. Nf3 Nf6 2. c4 g6 3. Nc3 d5 4. cxd5 Nxd5 5. h4 Bg7 6. e4 Nb6 7. d4 Bg4 8. Be3
Nc6 9. d5 Ne5 10. Be2 Nxf3+ 11. gxf3 Bh5 12. Qb3 O-O 13. f4 Bxe2 14. Kxe2 c6 15.
Rad1 cxd5 16. Nxd5 Nxd5 17. Rxd5 Qc8 18. f5 e6 19. Rc5 Qd7 20. h5 b6 21. fxe6
Qxe6 22. Qxe6 fxe6 23. Rc6 Bxb2 24. hxg6 hxg6 25. Rxe6 Rf6 26. Re7 Rf7 27. Re6
Rf6 28. Re7 Rf7 29. Rxf7 Kxf7 30. Rh7+ Ke6 31. f4 Ba1 32. Kf3 Bc3 33. Rc7 Bf6
34. Rc6+ Kf7 35. Rc7+ Ke6 36. Rc6+ Kf7 37. e5 Bd8 38. Ke4 a5 39. Kd5 b5 40. Bc5
b4 41. Rd6 Bh4 42. Rd7+ Kg8 43. e6 Bf6 44. Rf7 Bc3 45. f5 a4 46. fxg6 b3 47. e7
Bg7 48. a3 b2 49. Rf1 Bh6 50. Rb1 1-0

[Event "TCh-HUN 2017-18"]
[Site "Hungary HUN"]
[Date "2018.05.05"]
[Round "8.10"]
[White "Kantor, Gergely"]
[Black "Szamoskozi, Gabor"]
[Result "1-0"]
[WhiteTitle "IM"]
[BlackTitle "FM"]
[WhiteElo "2514"]
[BlackElo "2297"]
[WhiteTeam "Aquaprofit-NTSK I"]
[BlackTeam "Penzugyor SE"]
[WhiteFideId "751499"]
[BlackFideId "719056"]
[EventDate "2017.11.25"]

1. d4 Nf6 2. c4 g6 3. Nc3 Bg7 4. e4 d6 5. Nge2 O-O 6. Ng3 c5 7. d5 h5 8. Be2 h4
9. Nf1 e6 10. Bg5 Qa5 11. Nd2 exd5 12. cxd5 Re8 13. Nc4 Qa6 14. f3 Nh5 15. a4
Bxc3+ 16. bxc3 f5 17. O-O fxe4 18. fxe4 Rxe4 19. Bxh5 Qxc4 20. Qf3 Bf5 21. Bxg6 1-0